[Event "Gibraltar Challengers B 2020"]
[Site "Caleta"]
[Date "2020.01.27"]
[Round "4.2"]
[White "Yanev, Pavel"]
[Black "Longa Yauca, Javier"]
[Result "1-0"]
[WhiteElo "2200"]
[BlackElo "2154"]
[Annotator "TA"]
[PlyCount "37"]
[EventDate "2020.01.20"]
[EventType "swiss"]
[EventCountry "GGB"]
[SourceTitle "playchess.com"]
[Source "ChessBase"]
[SourceQuality "1"]

{[%evp 17,37,19,25,-29,0,0,687,687,672,702,1047,1066,1930,1946,29994,29995,29995,29996,29996,29996,29997,29996]} 1. e4 e6 2. d4 d5 3. Nc3 Nf6 4. Bg5 Be7 5. e5 Nfd7 6. h4 Bxg5 7. hxg5 Qxg5 8. Nh3 Qe7 9. Qg4 g6 10. Nf4 {C14: French: Classical System: 4 Bg5 Be7 main line} ({White should try} 10. Ng5) (10. O-O-O Nc6 11. Ng5 h5 12. Qf4 Nf8 13. g4 Nh7 14. Nxh7 Rxh7 15. Bg2 Bd7 16. Bxd5 O-O-O 17. Bf3 h4 {1-0 (36) Lobanov,S (2528)-Golikov,D (2298) St Petersburg 2019}) 10... h5 11. Qg3 {Hoping for Ncxd5!} Nf8 $146 {[%mdl 8192] [#]} (11... Nc6 $11) ({Predecessor:} 11... Nc6 12. O-O-O Nf8 13. Nfxd5 exd5 14. Nxd5 h4 15. Qe3 Qd8 16. Nf6+ Ke7 17. Qa3+ Ke6 18. Bc4+ Kf5 19. Qf3+ Kg5 20. Qe3+ {1-0 (20) Pekar,K (2089)-Pacholsky,M (2033) Slovakia 2017}) 12. Ncxd5 $1 {[%mdl 512] White is clearly winning.} exd5 13. Nxd5 Qd8 14. Nf6+ Ke7 15. Qa3+ Ke6 16. Bc4+ {White mates.} Kf5 17. Qf3+ Kg5 18. Qe3+ Kf5 19. Rh4 {Played: f2-f3} 1-0

[Event "Gibraltar Challengers B 2020"]
[Site "Caleta"]
[Date "2020.01.27"]
[Round "4.3"]
[White "Zulkipli, Zaidan"]
[Black "Royset, Pal"]
[Result "0-1"]
[WhiteElo "2174"]
[BlackElo "2151"]
[Annotator "ChessBase"]
[PlyCount "86"]
[EventDate "2020.01.20"]
[EventType "swiss"]
[EventCountry "GGB"]
[SourceTitle "playchess.com"]
[Source "ChessBase"]
[SourceQuality "1"]
[TimeControl "6600+10"]

1. d4 {[%emt 0:02:35]} Nf6 {[%emt 0:00:07]} 2. c4 {[%emt 0:00:04]} e6 {[%emt 0:00:37]} 3. Nc3 {[%emt 0:00:06]} d5 {[%emt 0:00:09]} 4. cxd5 {[%emt 0:00:06]} exd5 {[%emt 0:00:07]} 5. Bg5 {[%emt 0:00:04]} c6 {[%emt 0:00:13]} 6. e3 {[%emt 0:00:04]} Be7 {[%emt 0:00:56]} 7. Bd3 {[%emt 0:00:07]} Nbd7 {[%emt 0:00:14]} 8. Nge2 {[%emt 0:00:24]} Nh5 {[%emt 0:01:50]} 9. Bxe7 {[%emt 0:00:50]} Qxe7 {[%emt 0:00:08]} 10. g4 {[%emt 0:00:15]} Nhf6 {[%emt 0:00:58]} 11. Ng3 {[%emt 0:00:05]} Nb6 {[%emt 0:04:49]} 12. g5 {[%emt 0:00:25]} Ne4 {[%emt 0:06:05]} 13. Bxe4 {[%emt 0:06:31]} dxe4 {[%emt 0:00:07]} 14. Ncxe4 {[%emt 0:00:42]} h6 {[%emt 0:02:20]} 15. gxh6 {[%emt 0:02:53]} Rxh6 {[%emt 0:00:49]} 16. Nc5 {[%emt 0:04:56]} Nc4 {[%emt 0:07:28]} 17. Qe2 {[%emt 0:01:26]} Ne5 {[%emt 0:02:29]} 18. f3 {[%emt 0:04:09]} b6 {[%emt 0:12:07]} 19. Nb3 {[%emt 0:03:50]} Qb4+ {[%emt 0:02:48]} 20. Kf2 {[%emt 0:00:57]} Nc4 {[%emt 0:09:07]} 21. Qc2 {[%emt 0:08:38]} Kf8 {[%emt 0:06:22]} 22. Qc3 {[%emt 0:03:46]} a5 {[%emt 0:04:56]} 23. a3 {[%emt 0:26:54]} Qxc3 {[%emt 0:03:42]} 24. bxc3 {[%emt 0:00:01]} a4 {[%emt 0:02:25]} 25. Nc1 {[%emt 0:00:32]} Ra5 {[%emt 0:00:28]} 26. h4 {[%emt 0:09:56]} Rb5 {[%emt 0:01:15]} 27. Ra2 {[%emt 0:02:19]} Be6 {[%emt 0:04:48]} 28. e4 {[%emt 0:01:10]} Rb1 {[%emt 0:01:32]} 29. Nd3 {[%emt 0:13:40]} Rxh1 {[%emt 0:02:27]} 30. Nxh1 {[%emt 0:00:11]} Rxh4 {[%emt 0:00:56]} 31. Kg1 {[%emt 0:00:09]} Ne5 {[%emt 0:05:04]} 32. Nxe5 {[%emt 0:00:52]} Bxa2 {[%emt 0:00:04]} 33. Nd7+ {[%emt 0:00:59]} Ke7 {[%emt 0:00:37]} 34. Nxb6 {[%emt 0:00:03]} Bb3 {[%emt 0:03:52]} 35. Ng3 {[%emt 0:00:28]} g6 {[%emt 0:00:16]} 36. c4 {[%emt 0:03:21]} Bd1 {[%emt 0:01:11]} 37. Kg2 {[%emt 0:00:42]} Rf4 {[%emt 0:01:41]} 38. d5 {[%emt 0:00:00]} Rxf3 {[%emt 0:01:17]} 39. c5 {[%emt 0:03:47]} Rxa3 {[%emt 0:01:10]} 40. dxc6 {[%emt 0:03:35]} Kd8 {[%emt 0:00:18]} 41. Nd5 {[%emt 0:00:43]} Ra2+ {[%emt 0:02:02]} 42. Kf1 {[%emt 0:00:21]} Bg4 {[%emt 0:01:58]} 43. e5 {[%emt 0:02:06]} Bf3 {[%emt 0:02:15]} 0-1

[Event "Gibraltar Challengers B 2020"]
[Site "Caleta"]
[Date "2020.01.27"]
[Round "4.4"]
[White "Hristodorescu, Daniel"]
[Black "Dolzhikova, Olga"]
[Result "1-0"]
[WhiteElo "2172"]
[BlackElo "2123"]
[Annotator "ChessBase"]
[PlyCount "89"]
[EventDate "2020.01.20"]
[EventType "swiss"]
[EventCountry "GGB"]
[SourceTitle "playchess.com"]
[Source "ChessBase"]
[SourceQuality "1"]
[TimeControl "6600+10"]

1. e4 {[%emt 0:07:27]} g6 {[%emt 0:01:12]} 2. d4 {[%emt 0:00:40]} Bg7 {[%emt 0:00:05]} 3. Nf3 {[%emt 0:00:50]} c5 {[%emt 0:01:19]} 4. dxc5 {[%emt 0:00:25]} Qa5+ {[%emt 0:00:04]} 5. Nc3 {[%emt 0:02:37]} Bxc3+ {[%emt 0:13:59]} 6. bxc3 {[%emt 0:00:11]} Qxc3+ {[%emt 0:00:13]} 7. Bd2 {[%emt 0:00:10]} Qxc5 {[%emt 0:00:07]} 8. Bd3 {[%emt 0:02:44]} Nf6 {[%emt 0:01:09]} 9. O-O {[%emt 0:00:31]} O-O {[%emt 0:13:20]} 10. e5 {[%emt 0:04:39]} Nd5 {[%emt 0:08:28]} 11. Qe1 {[%emt 0:11:41]} d6 {[%emt 0:14:29]} 12. c4 {[%emt 0:05:23]} Nb6 {[%emt 0:03:53]} 13. Bb4 {[%emt 0:06:15]} Qc7 {[%emt 0:00:06]} 14. Qe3 {[%emt 0:01:42]} Bg4 {[%emt 0:23:20]} 15. exd6 {[%emt 0:02:23]} exd6 {[%emt 0:01:05]} 16. Nd4 {[%emt 0:03:00]} Nc6 {[%emt 0:02:43]} 17. Nxc6 {[%emt 0:01:09]} Qxc6 {[%emt 0:03:33]} 18. Qf4 {[%emt 0:00:38]} Be6 {[%emt 0:00:26]} 19. Rac1 {[%emt 0:01:22]} Rad8 {[%emt 0:04:52]} 20. Be4 {[%emt 0:01:28]} Qa4 {[%emt 0:07:17]} 21. Bc3 {[%emt 0:05:45]} f5 {[%emt 0:00:17]} 22. Qh6 {[%emt 0:00:53]} Qd7 {[%emt 0:01:22]} 23. Bd3 {[%emt 0:03:18]} Bxc4 {[%emt 0:04:07]} 24. Rfd1 {[%emt 0:05:44]} Bxd3 {[%emt 0:00:17]} 25. Rxd3 {[%emt 0:00:09]} Qf7 {[%emt 0:00:18]} 26. h4 {[%emt 0:01:04]} Rfe8 {[%emt 0:01:39]} 27. h5 {[%emt 0:00:31]} Re6 {[%emt 0:00:05]} 28. Rcd1 {[%emt 0:02:08]} Nc4 {[%emt 0:00:58]} 29. hxg6 {[%emt 0:01:45]} Rxg6 {[%emt 0:00:04]} 30. Qh4 {[%emt 0:00:20]} Re8 {[%emt 0:01:11]} 31. Qd4 {[%emt 0:00:52]} Ne5 {[%emt 0:00:32]} 32. f4 {[%emt 0:00:37]} Qg7 {[%emt 0:00:36]} 33. Qd5+ {[%emt 0:00:21]} Qf7 {[%emt 0:01:30]} 34. fxe5 {[%emt 0:01:06]} dxe5 {[%emt 0:00:19]} 35. Bxe5 {[%emt 0:00:44]} Qxd5 {[%emt 0:00:24]} 36. Rxd5 {[%emt 0:00:09]} Rge6 {[%emt 0:00:14]} 37. Bf4 {[%emt 0:01:46]} Re2 {[%emt 0:00:15]} 38. Rxf5 {[%emt 0:04:25]} Rxa2 {[%emt 0:00:06]} 39. Rg5+ {[%emt 0:00:33]} Kf7 {[%emt 0:00:05]} 40. Rd7+ {[%emt 0:00:47]} Re7 {[%emt 0:00:21]} 41. Rxe7+ {[%emt 0:00:27]} Kxe7 {[%emt 0:00:01]} 42. Rg7+ {[%emt 0:00:08]} Kf6 {[%emt 0:00:05]} 43. Rxb7 {[%emt 0:00:18]} Kg6 {[%emt 0:00:15]} 44. Kh2 {[%emt 0:00:37]} a5 {[%emt 0:00:17]} 45. Kh3 {[%emt 0:01:47]} 1-0

[Event "Gibraltar Challengers B 2020"]
[Site "Caleta"]
[Date "2020.01.27"]
[Round "4.5"]
[White "Ruperez, Miguel"]
[Black "De Abreu, Roberto N"]
[Result "1/2-1/2"]
[WhiteElo "2126"]
[BlackElo "2154"]
[Annotator "ChessBase"]
[PlyCount "90"]
[EventDate "2020.01.20"]
[EventType "swiss"]
[EventCountry "GGB"]
[SourceTitle "playchess.com"]
[Source "ChessBase"]
[SourceQuality "1"]
[TimeControl "6600+10"]

1. Nf3 {[%emt 0:00:00]} c5 {[%emt 0:00:27]} 2. b3 {[%emt 0:00:08]} d6 {[%emt 0:00:47]} 3. d4 {[%emt 0:03:32]} cxd4 {[%emt 0:03:42]} 4. Nxd4 {[%emt 0:00:10]} Nf6 {[%emt 0:11:49]} 5. g3 {[%emt 0:06:30]} Nc6 {[%emt 0:12:41]} 6. Nxc6 {[%emt 0:05:07]} bxc6 {[%emt 0:00:02]} 7. Bg2 {[%emt 0:00:23]} d5 {[%emt 0:00:21]} 8. Bb2 {[%emt 0:01:26]} e6 {[%emt 0:00:07]} 9. O-O {[%emt 0:01:06]} Be7 {[%emt 0:00:07]} 10. c4 {[%emt 0:01:55]} O-O {[%emt 0:00:07]} 11. Nd2 {[%emt 0:01:49]} Bb7 {[%emt 0:13:33]} 12. Qc2 {[%emt 0:11:50]} Qb6 {[%emt 0:06:14]} 13. Rac1 {[%emt 0:06:23]} Rac8 {[%emt 0:05:23]} 14. Rfd1 {[%emt 0:08:22]} Rfd8 {[%emt 0:01:04]} 15. e3 {[%emt 0:06:24]} a5 {[%emt 0:02:29]} 16. Rb1 {[%emt 0:08:14]} Ba6 {[%emt 0:11:29]} 17. h3 {[%emt 0:10:26]} Nd7 {[%emt 0:05:26]} 18. Nf3 {[%emt 0:02:13]} h6 {[%emt 0:05:24]} 19. Bd4 {[%emt 0:10:02]} Qc7 {[%emt 0:03:01]} 20. cxd5 {[%emt 0:02:46]} cxd5 {[%emt 0:00:32]} 21. Qb2 {[%emt 0:00:45]} Bf8 {[%emt 0:01:43]} 22. Rbc1 {[%emt 0:00:26]} Qb7 {[%emt 0:02:27]} 23. Rxc8 {[%emt 0:00:59]} Rxc8 {[%emt 0:00:01]} 24. Rc1 {[%emt 0:00:19]} Nc5 {[%emt 0:04:38]} 25. Ne1 {[%emt 0:02:31]} f6 {[%emt 0:04:51]} 26. Bc3 {[%emt 0:01:36]} a4 {[%emt 0:00:27]} 27. b4 {[%emt 0:03:44]} Ne4 {[%emt 0:00:20]} 28. a3 {[%emt 0:00:22]} Bd6 {[%emt 0:01:12]} 29. Nf3 {[%emt 0:01:01]} Rc7 {[%emt 0:02:07]} 30. Be1 {[%emt 0:00:45]} Bc4 {[%emt 0:01:20]} 31. Nd4 {[%emt 0:03:02]} Qc8 {[%emt 0:00:28]} 32. g4 {[%emt 0:02:44]} h5 {[%emt 0:01:23]} 33. Qb1 {[%emt 0:01:03]} hxg4 {[%emt 0:00:31]} 34. hxg4 {[%emt 0:00:06]} Kf7 {[%emt 0:00:22]} 35. f4 {[%emt 0:03:56]} Qh8 {[%emt 0:00:30]} 36. b5 {[%emt 0:00:55]} Bxa3 {[%emt 0:00:50]} 37. b6 {[%emt 0:00:41]} Bxc1 {[%emt 0:00:19]} 38. Qxc1 {[%emt 0:00:04]} Rc8 {[%emt 0:01:14]} 39. b7 {[%emt 0:01:22]} Rc7 {[%emt 0:00:07]} 40. Bxe4 {[%emt 0:00:37]} dxe4 {[%emt 0:00:01]} 41. Nb5 {[%emt 0:00:14]} Qh3 {[%emt 0:02:27]} 42. Nxc7 {[%emt 0:00:20]} Qxg4+ {[%emt 0:01:07]} 43. Kh2 {[%emt 0:00:02]} Qe2+ {[%emt 0:00:20]} 44. Kg3 {[%emt 0:00:36]} Qf3+ {[%emt 0:02:47]} 45. Kh2 {[%emt 0:00:11]} Qe2+ {[%emt 0:00:35]} 1/2-1/2

[Event "Gibraltar Challengers B 2020"]
[Site "Caleta"]
[Date "2020.01.27"]
[Round "4.6"]
[White "Tejaswini, Sagar"]
[Black "Osuna Vega, Enrique"]
[Result "1/2-1/2"]
[WhiteElo "2180"]
[BlackElo "2129"]
[Annotator "ChessBase"]
[PlyCount "73"]
[EventDate "2020.01.20"]
[EventType "swiss"]
[EventCountry "GGB"]
[SourceTitle "playchess.com"]
[Source "ChessBase"]
[SourceQuality "1"]
[TimeControl "6600+10"]

1. e4 {[%emt 0:00:00]} d6 {[%emt 0:01:26]} 2. d4 {[%emt 0:00:09]} Nf6 {[%emt 0:00:06]} 3. Nc3 {[%emt 0:00:04]} e5 {[%emt 0:00:04]} 4. Nf3 {[%emt 0:00:16]} Nbd7 {[%emt 0:00:06]} 5. Bc4 {[%emt 0:00:13]} Be7 {[%emt 0:00:06]} 6. O-O {[%emt 0:00:27]} O-O {[%emt 0:00:05]} 7. Re1 {[%emt 0:00:38]} c6 {[%emt 0:00:06]} 8. a4 {[%emt 0:00:17]} a5 {[%emt 0:00:05]} 9. h3 {[%emt 0:01:48]} Nb6 {[%emt 0:00:09]} 10. Ba2 {[%emt 0:02:35]} Nfd7 {[%emt 0:00:10]} 11. Be3 {[%emt 0:02:24]} exd4 {[%emt 0:00:08]} 12. Bxd4 {[%emt 0:02:28]} Nc5 {[%emt 0:00:14]} 13. Bxc5 {[%emt 0:02:45]} dxc5 {[%emt 0:00:15]} 14. Qxd8 {[%emt 0:00:10]} Rxd8 {[%emt 0:11:38]} 15. Ne5 {[%emt 0:02:28]} Rf8 {[%emt 0:00:35]} 16. Nc4 {[%emt 0:02:51]} Nxc4 {[%emt 0:00:45]} 17. Bxc4 {[%emt 0:00:06]} Bd7 {[%emt 0:06:44]} 18. Rad1 {[%emt 0:02:02]} Rad8 {[%emt 0:00:08]} 19. Rd3 {[%emt 0:02:46]} Bc8 {[%emt 0:00:24]} 20. Red1 {[%emt 0:01:18]} g6 {[%emt 0:05:52]} 21. Ne2 {[%emt 0:03:11]} Kg7 {[%emt 0:03:03]} 22. Nf4 {[%emt 0:07:46]} Bg5 {[%emt 0:13:13]} 23. Rxd8 {[%emt 0:03:19]} Rxd8 {[%emt 0:00:09]} 24. Rxd8 {[%emt 0:01:46]} Bxd8 {[%emt 0:00:02]} 25. Be2 {[%emt 0:02:55]} f5 {[%emt 0:12:03]} 26. exf5 {[%emt 0:02:48]} Bxf5 {[%emt 0:00:31]} 27. g4 {[%emt 0:04:04]} Bg5 {[%emt 0:02:19]} 28. gxf5 {[%emt 0:06:26]} Bxf4 {[%emt 0:00:15]} 29. fxg6 {[%emt 0:00:07]} Kxg6 {[%emt 0:02:04]} 30. Bd3+ {[%emt 0:02:17]} Kg7 {[%emt 0:00:06]} 31. Kg2 {[%emt 0:01:24]} h6 {[%emt 0:00:07]} 32. Kf3 {[%emt 0:02:19]} Bc1 {[%emt 0:00:08]} 33. b3 {[%emt 0:00:11]} Kf6 {[%emt 0:00:07]} 34. Ke4 {[%emt 0:01:28]} Bb2 {[%emt 0:01:49]} 35. f4 {[%emt 0:03:09]} Bc1 {[%emt 0:02:32]} 36. Be2 {[%emt 0:03:37]} Ke6 {[%emt 0:06:45]} 37. Bg4+ {[%emt 0:09:22]} 1/2-1/2

[Event "Gibraltar Challengers B 2020"]
[Site "Caleta"]
[Date "2020.01.27"]
[Round "4.7"]
[White "George, Lolomari Erekosima"]
[Black "Enkhtuul, Altan-Ulzii"]
[Result "0-1"]
[WhiteElo "2053"]
[BlackElo "2200"]
[Annotator "ChessBase"]
[PlyCount "92"]
[EventDate "2020.01.20"]
[EventType "swiss"]
[EventCountry "GGB"]
[SourceTitle "playchess.com"]
[Source "ChessBase"]
[SourceQuality "1"]
[TimeControl "6600+10"]

1. Nf3 {[%emt 0:05:36]} g6 {[%emt 0:10:41]} 2. c4 {[%emt 0:00:26]} Bg7 {[%emt 0:00:08]} 3. Nc3 {[%emt 0:00:08]} Nf6 {[%emt 0:02:00]} 4. e4 {[%emt 0:00:15]} d6 {[%emt 0:00:21]} 5. d4 {[%emt 0:00:05]} O-O {[%emt 0:00:10]} 6. Be2 {[%emt 0:00:03]} c5 {[%emt 0:00:16]} 7. O-O {[%emt 0:00:09]} Na6 {[%emt 0:03:19]} 8. Be3 {[%emt 0:20:57]} h6 {[%emt 0:08:53]} 9. Rb1 {[%emt 0:15:00]} Kh7 {[%emt 0:10:16]} 10. b3 {[%emt 0:12:33]} Ng4 {[%emt 0:04:31]} 11. Bc1 {[%emt 0:00:39]} Qa5 {[%emt 0:04:13]} 12. Bb2 {[%emt 0:02:23]} Nb4 {[%emt 0:10:44]} 13. h3 {[%emt 0:08:51]} Nf6 {[%emt 0:02:38]} 14. a3 {[%emt 0:03:46]} Nc6 {[%emt 0:08:36]} 15. d5 {[%emt 0:01:20]} Ne8 {[%emt 0:04:39]} 16. Qc2 {[%emt 0:07:48]} Ne5 {[%emt 0:03:54]} 17. Nd2 {[%emt 0:00:43]} Nd7 {[%emt 0:03:39]} 18. Kh1 {[%emt 0:01:19]} Bd4 {[%emt 0:08:53]} 19. f4 {[%emt 0:01:31]} Qd8 {[%emt 0:05:22]} 20. Nf3 {[%emt 0:04:58]} Be3 {[%emt 0:07:17]} 21. e5 {[%emt 0:03:35]} Ng7 {[%emt 0:08:16]} 22. Qe4 {[%emt 0:02:09]} Bd4 {[%emt 0:01:42]} 23. Nxd4 {[%emt 0:00:03]} cxd4 {[%emt 0:00:00]} 24. Qxd4 {[%emt 0:03:12]} Nf5 25. Qf2 {[%emt 0:01:18]} dxe5 {[%emt 0:00:01]} 26. Ne4 {[%emt 0:01:57]} exf4 {[%emt 0:00:39]} 27. Qxf4 {[%emt 0:00:34]} Nb6 {[%emt 0:00:40]} 28. g4 {[%emt 0:01:28]} Ng7 {[%emt 0:01:07]} 29. Bd3 {[%emt 0:02:29]} f5 {[%emt 0:00:43]} 30. Ng3 {[%emt 0:04:47]} e6 {[%emt 0:00:39]} 31. Qe5 {[%emt 0:01:29]} Rg8 {[%emt 0:00:01]} 32. gxf5 {[%emt 0:01:04]} exf5 {[%emt 0:00:05]} 33. Ne4 {[%emt 0:00:56]} Nd7 {[%emt 0:00:12]} 34. Qd4 {[%emt 0:00:50]} Qh4 {[%emt 0:00:23]} 35. Kh2 {[%emt 0:00:54]} fxe4 {[%emt 0:00:07]} 36. Rf7 {[%emt 0:00:07]} Nf6 {[%emt 0:00:00]} 37. Rxf6 {[%emt 0:00:00]} Qxh3+ {[%emt 0:00:00]} 38. Kg1 {[%emt 0:00:00]} Qg3+ {[%emt 0:00:00]} 39. Kh1 {[%emt 0:00:13]} Qh3+ {[%emt 0:00:01]} 40. Kg1 {[%emt 0:00:11]} Qg3+ {[%emt 0:00:01]} 41. Kh1 {[%emt 0:00:16]} Qxd3 {[%emt 0:01:21]} 42. Qe5 {[%emt 0:00:15]} Qh3+ {[%emt 0:00:06]} 43. Kg1 {[%emt 0:00:02]} Qe3+ {[%emt 0:00:07]} 44. Kh1 {[%emt 0:00:11]} Bg4 {[%emt 0:00:23]} 45. Kh2 {[%emt 0:00:47]} Qe2+ {[%emt 0:00:03]} 46. Kg3 {[%emt 0:00:13]} Rae8 {[%emt 0:00:08]} 0-1

[Event "Gibraltar Challengers B 2020"]
[Site "Caleta"]
[Date "2020.01.27"]
[Round "4.8"]
[White "Hamer, Martyn"]
[Black "Levay, Sorin"]
[Result "1-0"]
[WhiteElo "2069"]
[BlackElo "2192"]
[Annotator "ChessBase"]
[PlyCount "151"]
[EventDate "2020.01.20"]
[EventType "swiss"]
[EventCountry "GGB"]
[SourceTitle "playchess.com"]
[Source "ChessBase"]
[SourceQuality "1"]
[TimeControl "6600+10"]

1. d4 {[%emt 0:00:00]} d6 {[%emt 0:11:49]} 2. e4 {[%emt 0:00:28]} Nf6 {[%emt 0:00:07]} 3. Nc3 {[%emt 0:00:13]} c6 {[%emt 0:00:07]} 4. Nf3 {[%emt 0:01:07]} Bg4 {[%emt 0:00:08]} 5. h3 {[%emt 0:01:53]} Bh5 {[%emt 0:00:07]} 6. Be3 {[%emt 0:03:06]} e6 {[%emt 0:00:15]} 7. Be2 {[%emt 0:03:14]} d5 {[%emt 0:00:31]} 8. e5 {[%emt 0:00:50]} Nfd7 {[%emt 0:00:09]} 9. O-O {[%emt 0:01:01]} Bb4 {[%emt 0:00:14]} 10. Nb1 {[%emt 0:03:46]} Be7 {[%emt 0:00:08]} 11. Nbd2 {[%emt 0:00:33]} c5 {[%emt 0:00:36]} 12. c3 {[%emt 0:00:38]} Qb6 {[%emt 0:00:13]} 13. Qb3 {[%emt 0:02:24]} Nc6 {[%emt 0:00:17]} 14. Rac1 {[%emt 0:06:15]} c4 {[%emt 0:00:09]} 15. Qxb6 {[%emt 0:00:20]} axb6 {[%emt 0:00:03]} 16. a3 {[%emt 0:01:11]} b5 {[%emt 0:00:09]} 17. Bd1 {[%emt 0:06:24]} Nb6 {[%emt 0:00:16]} 18. g4 {[%emt 0:02:52]} Bg6 {[%emt 0:00:08]} 19. Ne1 {[%emt 0:01:15]} h5 {[%emt 0:02:21]} 20. Kg2 {[%emt 0:04:19]} hxg4 {[%emt 0:00:08]} 21. hxg4 {[%emt 0:00:07]} Na4 {[%emt 0:00:44]} 22. Bxa4 {[%emt 0:00:30]} bxa4 {[%emt 0:00:03]} 23. Nc2 {[%emt 0:01:54]} Bd3 {[%emt 0:00:25]} 24. Rh1 {[%emt 0:01:21]} Rxh1 {[%emt 0:00:51]} 25. Kxh1 {[%emt 0:00:06]} f6 {[%emt 0:00:42]} 26. exf6 {[%emt 0:06:12]} gxf6 {[%emt 0:00:11]} 27. Kg2 {[%emt 0:01:29]} Kf7 {[%emt 0:00:36]} 28. Nb4 {[%emt 0:01:47]} Nxb4 {[%emt 0:00:18]} 29. axb4 {[%emt 0:00:22]} Rg8 {[%emt 0:01:21]} 30. f3 {[%emt 0:02:44]} f5 {[%emt 0:00:28]} 31. g5 {[%emt 0:02:14]} Rxg5+ {[%emt 0:01:51]} 32. Kf2 {[%emt 0:11:23]} Rh5 {[%emt 0:00:24]} 33. f4 {[%emt 0:04:17]} Rh2+ {[%emt 0:00:26]} 34. Kg3 {[%emt 0:01:19]} Rh8 {[%emt 0:02:37]} 35. Nf3 {[%emt 0:05:18]} Be4 {[%emt 0:00:12]} 36. Ng5+ {[%emt 0:01:01]} Kg6 {[%emt 0:00:33]} 37. Re1 {[%emt 0:02:09]} b5 {[%emt 0:00:11]} 38. Rg1 {[%emt 0:00:58]} Kf6 {[%emt 0:00:14]} 39. Re1 {[%emt 0:00:40]} Ra8 {[%emt 0:00:20]} 40. Bc1 {[%emt 0:00:47]} Ra6 {[%emt 0:00:54]} 41. Re2 {[%emt 0:04:07]} Kg6 {[%emt 0:00:40]} 42. Rh2 {[%emt 0:01:02]} Bf6 {[%emt 0:00:22]} 43. Rh3 {[%emt 0:01:20]} Ra7 {[%emt 0:01:22]} 44. Rh2 {[%emt 0:01:54]} Rd7 {[%emt 0:00:08]} 45. Be3 {[%emt 0:00:41]} Rd8 {[%emt 0:01:32]} 46. Rh3 {[%emt 0:01:33]} Be7 {[%emt 0:02:18]} 47. Nxe6 {[%emt 0:02:50]} Rg8 {[%emt 0:01:18]} 48. Ng5 {[%emt 0:00:54]} Re8 {[%emt 0:00:54]} 49. Rh2 {[%emt 0:04:13]} Bd6 {[%emt 0:00:26]} 50. Kf2 {[%emt 0:00:31]} Be7 {[%emt 0:03:36]} 51. Rh3 {[%emt 0:00:17]} Bd3 {[%emt 0:04:44]} 52. Rg3 {[%emt 0:00:57]} Kf6 {[%emt 0:00:47]} 53. Rh3 {[%emt 0:00:15]} Kg6 {[%emt 0:02:13]} 54. Rg3 {[%emt 0:00:09]} Rh8 {[%emt 0:00:33]} 55. Rh3 {[%emt 0:00:28]} Rxh3 {[%emt 0:00:22]} 56. Nxh3 {[%emt 0:00:05]} Bh4+ {[%emt 0:00:05]} 57. Kf3 {[%emt 0:01:32]} Be1 {[%emt 0:00:15]} 58. Bc1 {[%emt 0:02:07]} a3 {[%emt 0:00:44]} 59. bxa3 {[%emt 0:00:03]} Bxc3 {[%emt 0:00:08]} 60. Ke3 {[%emt 0:00:35]} Kh5 {[%emt 0:02:40]} 61. Ng5 {[%emt 0:02:05]} Kg4 {[%emt 0:00:13]} 62. Ne6 {[%emt 0:00:03]} Be1 {[%emt 0:01:39]} 63. Nc7 {[%emt 0:00:09]} Bf1 {[%emt 0:01:47]} 64. Nxd5 {[%emt 0:00:32]} c3 {[%emt 0:00:27]} 65. Ne7 {[%emt 0:01:26]} Bg3 {[%emt 0:12:49]} 66. Ng6 {[%emt 0:00:18]} Be1 {[%emt 0:06:58]} 67. Ne7 {[%emt 0:00:20]} Bg2 {[%emt 0:02:08]} 68. d5 {[%emt 0:00:13]} Be4 {[%emt 0:05:17]} 69. d6 {[%emt 0:00:18]} Kg3 {[%emt 0:02:34]} 70. Kd4 {[%emt 0:00:48]} c2 {[%emt 0:02:28]} 71. d7 {[%emt 0:00:12]} Bf2+ {[%emt 0:00:05]} 72. Ke5 {[%emt 0:00:17]} Bb6 {[%emt 0:02:12]} 73. Nxf5+ {[%emt 0:00:02]} Bxf5 {[%emt 0:00:48]} 74. Kxf5 {[%emt 0:00:01]} Kf3 {[%emt 0:00:20]} 75. Ke6 {[%emt 0:00:12]} Ke2 {[%emt 0:00:27]} 76. f5 {[%emt 0:00:08]} 1-0

[Event "Gibraltar Challengers B 2020"]
[Site "Caleta"]
[Date "2020.01.27"]
[Round "4.9"]
[White "Prieto Martin, Alfonso"]
[Black "Martinez Lopez, Jaume"]
[Result "1-0"]
[WhiteElo "2181"]
[BlackElo "2042"]
[Annotator "ChessBase"]
[PlyCount "53"]
[EventDate "2020.01.20"]
[EventType "swiss"]
[EventCountry "GGB"]
[SourceTitle "playchess.com"]
[Source "ChessBase"]
[SourceQuality "1"]
[TimeControl "6600+10"]

1. e4 {[%emt 0:00:00]} g6 {[%emt 0:00:00]} 2. d4 {[%emt 0:00:16]} Bg7 {[%emt 0:00:09]} 3. Nc3 {[%emt 0:01:05]} d6 {[%emt 0:00:13]} 4. f4 {[%emt 0:00:45]} a6 {[%emt 0:00:10]} 5. Nf3 {[%emt 0:00:35]} b5 {[%emt 0:00:07]} 6. Bd3 {[%emt 0:06:28]} Nd7 {[%emt 0:00:32]} 7. Ne2 {[%emt 0:00:51]} c5 {[%emt 0:00:25]} 8. c3 {[%emt 0:00:10]} Bb7 {[%emt 0:02:06]} 9. O-O {[%emt 0:00:16]} Ngf6 {[%emt 0:00:34]} 10. e5 {[%emt 0:06:58]} Nd5 {[%emt 0:09:20]} 11. Ng5 {[%emt 0:07:40]} Nf8 {[%emt 0:17:09]} 12. Kh1 {[%emt 0:12:00]} Qc7 {[%emt 0:16:30]} 13. Ng3 {[%emt 0:02:26]} f6 {[%emt 0:05:02]} 14. exd6 {[%emt 0:04:14]} exd6 {[%emt 0:01:00]} 15. Re1+ {[%emt 0:07:58]} Ne7 {[%emt 0:00:44]} 16. f5 {[%emt 0:01:50]} fxg5 {[%emt 0:12:54]} 17. Bxg5 {[%emt 0:00:27]} O-O-O {[%emt 0:01:53]} 18. Rxe7 {[%emt 0:01:02]} Qc6 {[%emt 0:00:07]} 19. Rxb7 {[%emt 0:09:04]} Qxb7 {[%emt 0:00:15]} 20. Bxd8 {[%emt 0:01:24]} Kxd8 {[%emt 0:02:27]} 21. dxc5 {[%emt 0:00:34]} d5 {[%emt 0:01:11]} 22. Be4 {[%emt 0:01:15]} Nd7 {[%emt 0:01:01]} 23. Bxd5 {[%emt 0:00:12]} Qc7 {[%emt 0:00:40]} 24. Be6 {[%emt 0:01:47]} Ke8 {[%emt 0:00:47]} 25. Ne4 {[%emt 0:05:51]} Be5 {[%emt 0:03:39]} 26. Qd5 {[%emt 0:00:59]} gxf5 {[%emt 0:01:42]} 27. Bxd7+ {[%emt 0:00:10]} 1-0